Statistiques concernant Propositions de drapeaux nationaux

Cliquez ici pour prendre le quiz!

Statistiques générales

  • Ce quiz a été pris 51 fois
  • Le résultat moyen est 4 sur 16

Statistiques - réponses

Réponse% Correct
Chine
65%
Australie
41%
Kosovo
35%
Égypte
33%
Pérou
30%
Moldavie
26%
Brésil
24%
Bosnie-Herzegovine
20%
Angola
17%
Suriname
15%
Ouzbékistan
13%
Panama
13%
Slovénie
9%
Ghana
7%
Royaumes unis de Suède et de Norvège
7%
Bulgarie
4%

Distribution des résultats

Percentile par nombre de réponses

% des personnes avec chaque résultat

Votre développement - résultats

Vous n’avez pas pris ce quiz